000
00285nam a2200121Ia 4500
008
241028s9999 xx 000 0 und d
041
_a
eng
082
_a
158.1 SHE
100
_a
Jay Shetty
245
_a
Think Like A Monk
260
_b
Harper
_a
New York
_c
2020
300
_a
328;. P. 22 cm
999
_c
42852
_d
42852